Významný posun v regionálnych informáciách

Recenzia na publikáciu Štatistická ročenka v regionálnych informáciách. V 25 kapitolách publikácia zachytáva podstatné informácie o rozvoji regiónu ako je obyvateľstvo a jeho štruktúra a pohyb, trh práce, príjmy a výdavky na domácnosť, regionálny produkt až po informácie o odvetviach regiónu.

Na minha lista:
Detalhes bibliográficos
Autor principal: Buček, Milan
Formato: Capítulo de Livro
Idioma:eslovaco
Assuntos:
Tags: Adicionar Tag
Sem tags, seja o primeiro a adicionar uma tag!

MARC

LEADER 00000naa$a2200000$$$4500
001 0060176
005 20240502071650.6
041 0 |a slo 
044 |a SK 
245 1 0 |a Významný posun v regionálnych informáciách  |c Milan Buček 
520 |a Recenzia na publikáciu Štatistická ročenka v regionálnych informáciách. V 25 kapitolách publikácia zachytáva podstatné informácie o rozvoji regiónu ako je obyvateľstvo a jeho štruktúra a pohyb, trh práce, príjmy a výdavky na domácnosť, regionálny produkt až po informácie o odvetviach regiónu. 
610 2 0 |a informácie štatistické 
610 2 0 |a štatistika regionálna 
610 2 0 |a regióny 
610 2 0 |a Slovensko 
610 2 0 |a recenzie 
610 2 0 |a Európska únia 
100 1 |a Buček, Milan